[Event "Dresden zt 1.2"]
[Site "Dresden"]
[Date "1998.04.28"]
[Round "1"]
[White "Sutovsky, Emil"]
[Black "Jacimovic, Dragoljub"]
[Result "1-0"]
[WhiteElo "2595"]
[BlackElo "2480"]
[Annotator "Baburin,A"]
[PlyCount "43"]
[EventDate "1998.04.28"]
[EventType "swiss"]
[EventRounds "11"]
[EventCountry "GER"]
[SourceTitle "CBM 065"]
[Source "ChessBase"]
[SourceDate "1998.08.06"]
[SourceVersion "1"]
[SourceVersionDate "1998.08.06"]
[SourceQuality "1"]

{[%mdl 128]} 1. e4 e6 2. d4 d5 3. Nc3 Nc6 4. Nf3 Nf6 5. Bg5 Be7 6. Bxf6 Bxf6 7.
Bb5 O-O 8. Qd2 Na5 ({Probably Black should have played} 8... dxe4 9. Nxe4 Bd7 {
instead of the text.}) 9. O-O a6 10. Bd3 b6 {Black takes too much risk - his
kingside lacks protection and to allow White to seize more space with e4-e5
looks like a very dubious idea.} 11. Rfe1 Bb7 12. e5 Be7 13. Ne2 $1 {By
relocating this knight to the kingside, White greatly increases his advantage
in force on that flank, improving his chances for a successful attack there.}
Nc4 14. Qc1 Rc8 15. Nf4 c5 16. Nh5 cxd4 17. b3 Na5 18. Qf4 $1 {It seems that
Black's position can no longer be saved - there are too many White' pieces
pointed at the black king, who is all alone.} Rc7 {This move allows Black to
use this rook in defence along the 7th rank in some lines, but has other
drawbacks.} ({Also hopeless is} 18... Nc6 {because of} 19. Nxg7 $1 Kxg7 20.
Qg4+) 19. Nf6+ $1 ({Here the strike on g7 would be wrong, as after} 19. Nxg7 $2
Kxg7 20. Qg4+ Kh8 21. Qh5 f5 22. exf6 Bxf6 {the c7-rook works fine in defence.}
) 19... gxf6 ({Black cannot surivive after} 19... Bxf6 20. exf6 g6 {either -
for example because of} 21. Re5 $1 Nc6 22. Rh5) 20. Qg4+ Kh8 21. exf6 Rg8 22.
Qh4 1-0

[Event "Rostov on Don"]
[Site "Rostov on Don"]
[Date "1993.??.??"]
[Round "?"]
[White "Smyslov, Vassily V"]
[Black "Dolmatov, Sergey"]
[Result "1/2-1/2"]
[WhiteElo "2530"]
[BlackElo "2615"]
[Annotator "Belov,I"]
[PlyCount "72"]
[EventDate "1993.05.??"]
[EventType "tourn"]
[EventRounds "11"]
[EventCountry "RUS"]
[EventCategory "14"]
[SourceTitle "CBM 036"]
[Source "ChessBase"]
[SourceDate "1993.10.01"]
[SourceVersion "1"]
[SourceVersionDate "1993.10.01"]
[SourceQuality "1"]

1. d4 e6 2. e4 d5 3. Nc3 Nf6 4. Bg5 dxe4 5. Nxe4 Nbd7 6. Nf3 h6 7. Bxf6 (7.
Nxf6+ Nxf6 8. Bh4 (8. Be3 Bd6 9. Qd3 b6 10. Ne5 {Polgar,J-Bareev,E Hastings
1992/} Bxe5 11. dxe5 (11. Qb5+ Qd7 12. Qxe5 Bb7 {/\13...0-0-0 /}) 11... Qxd3
12. Bxd3 Nd5 13. Bd2 $14 {Polgar Inf 56/301/}) 8... c5 (8... Be7 9. Bc4 c5 10.
Qe2 Qa5+ 11. c3 cxd4 12. Nxd4 Bd7 13. O-O Qh5 14. Qxh5 Nxh5 15. Bxe7 Kxe7 $10 {
Sax,G-Psakhis,L Aruba 1992/}) 9. Bb5+ (9. c3 cxd4 10. Nxd4 Be7 11. Bb5+ Bd7 12.
Qb3 Bxb5 13. Qxb5+ Qd7 $10 {Sax,G-Psakhis,L Manila ol 1992/}) 9... Bd7 10.
Bxd7+ Qxd7 11. Qe2 Be7 12. O-O-O O-O 13. dxc5 Qc6 $1 14. Kb1 Rfd8 $10 {Anand,
V-Ivanchuk V Linares m/2 1992 Inf 55/283/}) 7... Nxf6 8. Nxf6+ $5 (8. Bd3 Be7
9. O-O Nxe4 10. Bxe4 O-O 11. c3 Qd6 12. Re1 c5 13. Qe2 cxd4 14. cxd4 Bf6 15.
Rad1 Rb8 16. Ne5 $14 {Gligoric,S-Akopian,V Erevan 1989/}) 8... Qxf6 9. Bb5+ $1
$146 c6 10. Bd3 $14 g6 (10... Bd6 11. c3 O-O 12. Qe2 Rd8 13. O-O c5 14. Rad1
cxd4 15. cxd4 $14) 11. c3 Bg7 12. Qe2 O-O 13. O-O (13. O-O-O $5 {/\Kb1,h4,h5/})
13... Rd8 14. Rad1 Bd7 15. Ne5 Be8 16. f4 $16 Qe7 17. Qe3 Rac8 18. b4 b6 19.
Ba6 Rc7 (19... Rb8 $5) 20. Bc4 $1 c5 21. dxc5 Rxd1 22. Rxd1 bxc5 23. b5 g5 $1
24. g3 Rc8 25. a4 gxf4 26. gxf4 Rd8 27. Rxd8 (27. Rb1) 27... Qxd8 28. Qxc5 Qd1+
29. Bf1 Qxa4 30. c4 Qa1 31. Qd6 (31. Qe3 $16) 31... Qc1 32. Qd8 (32. Qd4 $16)
32... Bxe5 $1 33. Qxe8+ Kg7 34. fxe5 Qe3+ 35. Kg2 Qe4+ 36. Kf2 Qf4+ 1/2-1/2

[Event "Moscow Aeroflot op-A"]
[Site "Moscow"]
[Date "2007.02.14"]
[Round "1"]
[White "Almasi, Zoltan"]
[Black "Berg, Emanuel"]
[Result "1-0"]
[WhiteElo "2669"]
[BlackElo "2586"]
[Annotator "Berg,E"]
[PlyCount "65"]
[EventDate "2007.02.14"]
[EventType "swiss"]
[EventRounds "9"]
[EventCountry "RUS"]
[SourceTitle "CBM 117"]
[Source "ChessBase"]
[SourceDate "2007.03.30"]
[SourceVersion "1"]
[SourceVersionDate "2007.03.30"]
[SourceQuality "1"]

1. e4 e6 2. d4 d5 3. Nc3 h6 $5 {This interesting, but strange-looking move I
played for the first time in Corus C 2007, against Nadezhda Kosintseva, just a
few weeks before this game. So it was not very surprising for my opponent,
even though unexpected.} 4. Bd3 $1 {This move I consider as the strongest
reply for White as now it's difficult to make use of the move ...h6.} Nc6 (4...
c5 $6 {was played in the game Kosintseva-Berg, Corus C 2007 that became rather
famous after Black having placed all his pieces on there starting position
after 17 moves! However, there is a drawback with this move. Instead of the
played 5.dxc5 White should go} 5. exd5 exd5 6. dxc5 {and Black cannot win back
the pawn at once because of Bb5+ and d5 will go lost. The play might continue}
Nf6 7. Be3 $1 {It's a good idea to hold on to the c5 pawn as long as possible
as then Black will at least need to waste some time on winning it back.} Nc6 8.
Nf3 Bg4 9. Qe2 Be7 10. O-O-O $1 {A relatively forced line. White has
maintained to keep the extra pawn and also completed his development. Of
course, Black has some chances for a counterattack on the queenside, but
objectively speaking White has a clear advantge.}) 5. Nf3 Nb4 {This is an idea
of Vereslav Eingorn which was first played in 2002.} 6. Bb5+ $1 {A strong move
that prevents Black's original plan. Unfortunately during my preparation I
hadn't considered this move as any threat to Black's position. But during the
game when facing the position at the board everything became clear.} ({In
Gashimov,V - Eingorn,V ,Bled 2002 there followed} 6. Be2 Nf6 7. e5 Ne4 8. a3
Nxc3 9. bxc3 Nc6 {1-0 Gashimov,V (2580)-Eingorn,V (2600)/Bled 2002/EXT 2003 
(56) with a perfectly playable position for Black even though White managed to
win the game later on. Black has an easy plan playing for the c4-square with ..
.Na5, ...Bd7, ...c5 and ...Rc8.}) 6... c6 {By playing this move the important
c6-square is no longer available for the knight on b4.} ({The very natural
exchange of the "bad French Bishop"} 6... Bd7 {which strategically favours
Black is very risky here as after} 7. Bxd7+ Qxd7 8. Ne5 Qd8 9. a3 Nc6 10. exd5
exd5 11. Qh5 {White has a powerful initiative.}) 7. Be2 dxe4 {Here I decided
to go for another plan as now} (7... Nf6 8. e5 Ne4 9. a3 Nxc3 10. bxc3 Na6 {
is very passive for Black and regrouping the knight to a better square will
cost too much time. White will simply castle and try to open up with f4-f5 at
some point.}) 8. Nxe4 Nd5 $1 {Not to risk that the knight will get offside
after} (8... Nf6 {can now be met with} 9. Nxf6+ Qxf6 10. c4 $1 {and after a3
the knight will be forced to a6.}) 9. O-O (9. c4 {is also possible, but after}
Bb4+ 10. Bd2 Bxd2+ 11. Qxd2 Ngf6 {Black has been able to trade some pieces and
despite a worse position he is still very solid.}) 9... Ngf6 10. Ng3 $5 {
An interesting move. White decides to place his knight a bit passive for the
moment in order to keep more pieces on the board.} ({After} 10. Nxf6+ Qxf6 {
White has a slight edge because of Black's problems with his "French Bishop".})
10... Bd6 {Black eyes the f4-square where his knight is ready to jump after
c2-c4 and the game will now be rather forced.} 11. Ne5 {Stops ...Nf4 and now
White is again ready for c4.} Qc7 12. f4 c5 $5 {A risky move for Black which I
was totally aware of during the game. However, I had underestimated the double
pawn sacrifice that was comming. With the answers in the hand I would probably
have gone for the more solid} ({Perhaps it was better to play the solid} 12...
b6 {completing development at first.}) 13. c4 Ne7 $5 {After this White is able
to force the game the way he likes too. There was still time to prevent
White's idea playing} (13... Nb4 {This is a lot safer than the game
continuation. White is better here too, but now at least there are no
immediate threats.}) 14. b4 $1 cxd4 ({If Black tries to defend with} 14... b6 {
he will be in trouble after} 15. Bf3 Rb8 (15... Bb7 $4 16. Bxb7 Qxb7 17. dxc5 {
and White wins.}) 16. dxc5 bxc5 17. b5 {White has a strong initiative and a
clear advantage. Moreover all is protected as} Bxe5 18. fxe5 Qxe5 {looses to}
19. Bf4 $1 Qxf4 20. Bc6+ {loosing the queen.}) 15. c5 Bxe5 16. fxe5 Qxe5 17.
Bf4 Qd5 {All this I had seen when playing 13...Ne7. Of course, it's clear that
White has good compensation for the sacrificed material, but I thought Black
would at least be OK with two pawns up as I could see no immediate threats.}
18. Bd6 $1 {A strong move preventing castle for Black and also gives some
problems for the black queen.} Nc6 $4 {A very bad move that means the loss of
the game. Black must play active to have a chance to survive.} (18... d3 $1 {
This was my other idea during the game, but I got too greedy and thought I
could maintain to be alive keeping both the extra pawns.} 19. Bf3 $1 (19. Qxd3
{Black will at least get the queens off with reasonable chances getting out
alive.}) (19. Bxd3 {gives Black some extra time to consolidate as now White
doesn't have the threat of Bf3 any longer.}) 19... Qd4+ 20. Kh1 {Black is
under continous heavy pressure and as long as his king not comes into safety
the two extra pawns doesn't mean that much.}) 19. Bf3 ({Even stronger was} 19.
Nh5 Nxh5 20. Bxh5 g6 21. Bf3 Qg5 (21... Qc4 $4 22. Bxc6+ bxc6 23. Qf3 {wins at
once.}) 22. Qa4 {Everything is falling apart in Black's position and there is
no chance of rescue.}) 19... Qg5 ({The planned} 19... Qc4 {looses to} 20. Bxc6+
bxc6 21. Rxf6 $1 gxf6 22. Qf3 {with double threats against c6 and f6 and Black
is lost.}) 20. Qa4 $1 {White doesn't give Black any chances at all.} Nd5 (20...
Bd7 21. b5 Nd8 22. c6 $18) 21. Rae1 $1 {A nice move that puts pressure along
the e-file and takes away the queen check on e3. Now there threatens both Re5
and h4 winning a piece.} Bd7 22. h4 $1 {Winning a piece and the game.} (22. b5
Nc3 23. Qc4 {would also be winning.}) 22... Nc3 23. Qxc6 $1 Bxc6 24. hxg5 hxg5
25. Nf5 $1 d3 26. Bxc6+ bxc6 27. Nxg7+ Kd8 28. Rxf7 d2 29. Nxe6+ Kc8 30. Rc7+
Kb8 31. Rh7+ Kc8 32. Rxh8+ Kb7 33. Rh7+ 1-0

[Event "USA-ch"]
[Site "Saint Louis"]
[Date "2016.04.16"]
[Round "3"]
[White "Shankland, Samuel L"]
[Black "Akobian, Varuzhan"]
[Result "1-0"]
[WhiteElo "2656"]
[BlackElo "2615"]
[Annotator "Besenthal,K"]
[PlyCount "113"]
[EventDate "2016.04.14"]
[EventType "tourn"]
[EventRounds "11"]
[EventCountry "USA"]
[EventCategory "17"]
[SourceTitle "CBM 172"]
[Source "ChessBase"]
[SourceDate "2016.05.12"]
[SourceVersion "1"]
[SourceVersionDate "2016.05.12"]
[SourceQuality "1"]

1. e4 e6 2. d4 d5 3. Nc3 dxe4 4. Nxe4 Nd7 5. Nf3 Ngf6 6. Bd3 c5 7. Nxf6+ Nxf6
8. Be3 Qc7 {Diagramm [#] Hier haben sämtliche Koryphäen (Nakamura, Caruana...
) es vorgezogen, ihre Dame nach e2 zu stellen.} 9. Qd2 Nd5 10. c3 c4 11. Bc2
Bd6 12. Qe2 b5 13. Bd2 Bb7 14. O-O O-O 15. Qe4 g6 16. Qh4 Bf4 17. Be4 Bxd2 18.
Nxd2 Rab8 19. g3 a5 20. Rfc1 Nb6 21. Re1 b4 22. Qh6 Nd5 23. Rac1 bxc3 24. bxc3
Nf6 25. Bxb7 Rxb7 26. Qg5 {Diagramm [#]} Kg7 ({Mit} 26... Rb2 {hätte Schwarz
seine leichte Initiative unterstreichen können.}) 27. Qe5 Qxe5 28. Rxe5 Nd5
29. Nxc4 Rc7 30. Nxa5 Ra8 31. Nb3 Rxc3 32. Re2 Rd3 33. Rb2 {Diagramm [#]} Nb4
$2 34. a4 $1 Nd5 (34... Rxa4 $4 35. Nc5 {Hat Schwarz diese Gabel womöglich
einfach übersehen?}) 35. a5 Rb8 36. Rcb1 Ra8 37. a6 $1 {Diagramm [#] Dasselbe
Motiv wiederholt sich noch einmal, und jetzt wird der weiße a-Bauer dem
Schwarzen langsam unheimlich.} Rxa6 38. Nc5 Raa3 39. Rb7 $5 (39. Nxd3 {war gut
genug.}) 39... Rd2 40. Nxe6+ Kf6 41. Nd8 {Aber so geht es natürlich auch.} Kf5
42. Rxf7+ Ke4 43. Re1+ Kxd4 44. Ne6+ Kc4 45. Rc1+ Nc3 46. Rxh7 Kb5 47. Rb7+ Kc6
48. Rxc3+ Rxc3 49. Rc7+ Kd6 50. Rxc3 Kxe6 51. Rf3 Rd4 52. h4 Ke5 53. Kg2 Ke6
54. Kh3 Ke5 55. g4 Rd1 56. g5 Rd6 57. h5 1-0

[Event "Moscow Aeroflot op-A1"]
[Site "Moscow"]
[Date "2008.02.16"]
[Round "3"]
[White "Bindrich, Falko"]
[Black "Meier, Georg"]
[Result "1-0"]
[WhiteElo "2497"]
[BlackElo "2570"]
[Annotator "Bindrich,F"]
[PlyCount "99"]
[EventDate "2008.02.14"]
[EventType "swiss"]
[EventRounds "9"]
[EventCountry "RUS"]
[SourceTitle "CBM 123"]
[Source "ChessBase"]
[SourceDate "2008.04.02"]
[SourceVersion "1"]
[SourceVersionDate "2008.04.02"]
[SourceQuality "1"]

1. e4 e6 2. d4 d5 3. Nc3 dxe4 4. Nxe4 Nd7 5. Nf3 Ngf6 6. Nxf6+ Nxf6 7. Bc4 Be7
8. O-O O-O 9. Qe2 b6 10. Rd1 Bb7 (10... Nd5 11. Bd3 Nf6 12. c3 Bb7 13. Ne5 Rc8
14. Bg5 h6 15. Bf4 Nd7 16. Bc2 Bf6 17. Bxh6 Qe7 18. Qd3 g6 19. Bxf8 Kxf8 20.
Qe3 Kg7 21. Be4 Bxe4 22. Qxe4 Rh8 23. g3 Bxe5 24. dxe5 Nc5 25. Qe3 Rh3 26. Kg2
Rh5 27. Rd4 Nd7 28. f4 {1-0 Karpov,A-Bouchon,D/Gonfreville 1999/EXT 2002}) 11.
c3 Qc8 12. Bg5 (12. Ne5 c5 {is almost the same.}) 12... c5 13. Ne5 Rd8 14. f4
$5 {Too optimistic.} (14. Re1 $6 cxd4 15. Nxf7 Qc6 $1 16. Qf1 Kxf7 17. Rxe6
Qxe6 18. Bxe6+ Kxe6 19. Qc4+ Bd5 20. Re1+ Kf7 $15) (14. Rac1 $142 Bd5 $1 (14...
Qc7 $2 15. Bxf6 (15. Nxf7 Qc6 $1 16. d5 Rxd5 17. Rxd5 Kxf7 (17... Nxd5 18. Ne5)
18. Bxf6 Bxf6 19. Qh5+ Kf8 20. Rg5 Bxg5 21. Qxg5 $14) 15... Bxf6 16. Nxf7 Qc6 (
16... Kxf7 17. Qxe6+ Kg6 18. Bd3+) 17. d5 $1) 15. Ba6 (15. Bd3 Bxa2 $13) (15.
dxc5 Qxc5 16. Rd4 Bxc4 17. Rxc4 Qd5 $11) 15... Qc7 16. c4 Bb7 17. Bxb7 Qxb7 18.
dxc5 bxc5 19. b3 $14) 14... Bd5 15. Bd3 (15. Bxd5 Nxd5 16. c4 Nf6 $11) (15. b3
Qc7 16. Rac1 Rac8 $11) 15... Qc7 16. Re1 (16. f5 $142 exf5 17. Bxf5 Re8 18. Qf2
$13) 16... b5 $5 {Interesting solution, Black tries to seize the initiative.} (
16... cxd4 {would have been easier for Black.} 17. c4 Bb7 18. f5 (18. Nxf7 $2
Kxf7 19. Qxe6+ Kf8 20. Bxh7 Bc8 $1) 18... exf5 19. Bxf5 Re8 $15) 17. Bxb5 cxd4
18. c4 $2 {Overlooking ...d4-d3.} (18. cxd4 Rab8 19. a4 Qb6 {with excellent
compensation.}) 18... d3 $1 19. Nxd3 Bxc4 $15 20. Bxc4 Qxc4 21. Ne5 Qxe2 22.
Rxe2 Rac8 23. Bh4 {Black got a pleasant endgame, but here he should have
played ...Rd5, ...a6 and so on, although it is not easy to break down White's
position, who would play Be1, g3 and transfer the king to f3.} Rd4 $5 24. Bf2
Rxf4 25. Bxa7 Nd5 26. a3 Ra4 27. Bf2 h5 (27... f6 {was the right plan} 28. Nf3
Kf7 29. Rd1 Nf4 30. Red2 e5 $15) 28. Rd1 Rc7 29. g3 Bf6 30. Rd4 Ra8 31. Rd3
Rc1+ 32. Kg2 Rb1 {Black somehow lost direction, he lacks coordination.} (32...
Bxe5 $142 33. Rxe5 Rc2 34. Rb3 Nf6 35. h3 Rd8 36. Kf3 Rdd2 37. Be1 Rxb2 38.
Rxb2 Rxb2 39. a4 Rb3+ 40. Ke2 $15) 33. Nd7 $1 Bg5 34. Rb3 Rd8 35. Rb7 $14 {
White has managed to activate his pieces and obtains a small advantage.} Rc8
36. Ne5 Be7 37. a4 Rc7 $2 (37... Ra1 {would have been more stubborn.} 38. b3 h4
39. Nc4 hxg3 40. hxg3 $14 {And the two connected pawns on the queenside might
prove decisive some day.}) 38. Rb8+ Kh7 (38... Bf8 39. a5 Ra1 40. b4 $1 Nxb4
41. Bb6 $18) 39. Nxf7 $16 Bf6 40. Nd8 $1 e5 $6 (40... Rc4 $142 41. a5 Ra1 42.
b3 Rb4 43. Rxb4 Nxb4 44. Nb7 Nc6 45. Bb6 Bc3 46. Rxe6 Nxa5 47. Bxa5 Bxa5 48.
Re5 Be1 49. Rxh5+ Kg6 50. Re5 $16) 41. a5 $18 Ra1 42. Ne6 Re7 (42... Rc4 43.
Rb5 Nc7 44. Nxc7 Rxc7 45. b4) 43. Nf8+ Kh6 44. Rb5 (44. Rd2 $142 e4 (44... Rxa5
45. b4 $18) 45. Rxd5 e3 46. Rbb5 g6 47. Rb6 $1 exf2 48. Rxf6 $18) 44... Nc7 45.
Rc5 Rf7 46. Be3+ g5 47. h4 Rxf8 48. hxg5+ Bxg5 49. Rc6+ Kg7 50. Bxg5 1-0

[Event "EU-chT (Men) 10th"]
[Site "Debrecen"]
[Date "1992.11.??"]
[Round "3.1"]
[White "Kovalev, Andrei"]
[Black "Chernin, Alexander"]
[Result "1/2-1/2"]
[WhiteElo "2570"]
[BlackElo "2620"]
[Annotator "Bulletin"]
[PlyCount "49"]
[EventDate "1992.11.20"]
[EventType "team-swiss"]
[EventRounds "9"]
[EventCountry "HUN"]
[SourceTitle "EU-chT"]
[Source "ChessBase"]
[SourceDate "1999.07.01"]
[SourceVersion "2"]
[SourceVersionDate "1999.07.01"]
[SourceQuality "1"]
[WhiteTeam "Belarus"]
[BlackTeam "Hungary"]
[WhiteTeamCountry "BLR"]
[BlackTeamCountry "HUN"]

1. e4 e6 2. d4 d5 3. Nc3 dxe4 4. Nxe4 Bd7 5. Nf3 Bc6 6. Bd3 Nd7 7. O-O Ngf6 8.
Ng3 Be7 9. c4 O-O 10. Ne5 Nxe5 11. dxe5 Nd7 12. Qh5 g6 13. Qe2 Nxe5 $1 (13...
Nc5 $6) 14. Qxe5 Qxd3 15. Bh6 f6 16. Qxe6+ Rf7 17. Rfd1 Qc2 18. Rd2 Qa4 19. b3
(19. Rad1 Qxa2 $1 $13) 19... Qa5 20. Rad1 Bd6 $1 $10 21. Re2 Bd7 22. Qe4 Bc6
23. Qe6 Bd7 24. Qe3 Bc6 25. Qe6 1/2-1/2

[Event "Bugojno"]
[Site "Bugojno"]
[Date "1978.02.26"]
[Round "1"]
[White "Timman, Jan H"]
[Black "Bukic, Enver"]
[Result "1-0"]
[WhiteElo "2585"]
[BlackElo "2500"]
[Annotator "Bulletin"]
[PlyCount "61"]
[EventDate "1978.02.27"]
[EventType "tourn"]
[EventRounds "15"]
[EventCountry "YUG"]
[EventCategory "14"]
[SourceTitle "MCL"]
[Source "ChessBase"]
[SourceDate "1999.07.01"]
[SourceVersion "1"]
[SourceVersionDate "1999.07.01"]
[SourceQuality "1"]

1. e4 e6 2. d4 d5 3. Nc3 dxe4 4. Nxe4 Bd7 5. Nf3 Bc6 6. Bd3 (6. Neg5 Be7 7. Bc4
Bd5 8. Bxd5 Qxd5 9. O-O Nd7 10. Qe2 Bxg5 11. c4 Qf5 12. Bxg5 Ngf6 13. d5 O-O {
Planic-Bukic, YUG-ch 1978}) 6... Nd7 (6... Bxe4 7. Bxe4 c6 8. O-O Nf6 9. Bd3
Nbd7 10. c4 Bd6 11. b3 O-O 12. Bb2 $14 {Spassky-O'Kelly, San Juan 1969}) 7. O-O
Ngf6 8. Nxf6+ Qxf6 $2 9. Be2 (9. Bg5 Bxf3) 9... Bd6 10. c4 Qf5 11. Re1 O-O (
11... O-O-O 12. a3 $16) (11... Bb4 12. Bd2 Bxd2 13. Qxd2 O-O $14) 12. Ng5 $1
$14 (12. Bd3) 12... Bf4 13. Bxf4 Qxf4 14. d5 Qxg5 $2 (14... Bxd5 $2 15. Nh3) (
14... exd5 15. cxd5 Ba4 16. Qc1 $16) 15. dxc6 Nb6 16. cxb7 Rab8 17. Bf3 $16 Qc5
18. Rc1 Rfd8 19. Qe2 c6 20. a3 Rxb7 21. b4 Qg5 22. Bxc6 Rc7 23. Bf3 Rd4 24. c5
Nd5 25. Qb5 Rc8 26. Qb7 Qd8 27. Red1 $18 Rc7 28. Qb5 Rxd1+ 29. Rxd1 Rd7 30. c6
Rd6 31. Bxd5 (31. Bxd5 exd5 32. c7 $18) (31. Bxd5 Rxd5 32. Rxd5 exd5 33. c7 $18
) 1-0

[Event "BCF-ch 81st"]
[Site "Norwich"]
[Date "1994.??.??"]
[Round "3"]
[White "Watson, William N"]
[Black "Arkell, Keith C"]
[Result "1/2-1/2"]
[WhiteElo "2525"]
[BlackElo "2500"]
[Annotator "Bulletin"]
[PlyCount "61"]
[EventDate "1994.08.??"]
[EventType "swiss"]
[EventRounds "11"]
[EventCountry "ENG"]
[SourceTitle "EXT 2000"]
[Source "ChessBase"]
[SourceDate "1999.11.16"]
[SourceVersion "1"]
[SourceVersionDate "1999.11.16"]
[SourceQuality "1"]

1. e4 e6 2. d4 d5 3. Nc3 dxe4 4. Nxe4 Bd7 5. Nf3 Bc6 6. Bd3 Nd7 7. O-O Ngf6 8.
Ned2 Be7 9. c4 O-O 10. Re1 Re8 11. b3 Bb4 12. Re2 Nc5 13. Bc2 Bc3 14. Rb1 Bxd4
15. b4 Nce4 16. Nxe4 Nxe4 17. Qxd4 Qxd4 18. Nxd4 Nc3 19. Re1 (19. Re3 Nxb1 20.
Nxc6 $1 bxc6 21. Bxb1 $14) 19... Nxb1 20. Bxb1 Ba4 21. Be4 c6 22. g4 Red8 23.
Be3 Rd7 24. h3 a5 25. bxa5 Rxa5 26. Rb1 f5 $6 27. gxf5 exf5 28. Bxf5 $2 (28.
Nxf5 $14) 28... Rxf5 29. Nxf5 Bc2 30. Nh6+ gxh6 31. Rc1 1/2-1/2

[Event "Oberliga Bayern 9495"]
[Site "Bayern"]
[Date "1995.??.??"]
[Round "?.1"]
[White "Gdanski, Jacek"]
[Black "Wockenfuss, Klaus"]
[Result "1/2-1/2"]
[WhiteElo "2505"]
[BlackElo "2320"]
[Annotator "Bulletin"]
[PlyCount "83"]
[EventDate "1994.10.09"]
[EventType "team-tourn"]
[EventRounds "9"]
[EventCountry "GER"]
[SourceTitle "EXT 1999"]
[Source "ChessBase"]
[SourceDate "1998.11.16"]
[SourceVersion "1"]
[SourceVersionDate "1998.11.16"]
[SourceQuality "1"]
[WhiteTeam "Hof SK"]
[BlackTeam "Milbertshofen (SG Schwabing)"]
[WhiteTeamCountry "GER"]
[BlackTeamCountry "GER"]

1. e4 e6 2. d4 d5 3. Nc3 dxe4 4. Nxe4 Qd5 5. Nc3 Bb4 6. Nf3 Nf6 7. Bd3 Ne4 8.
Bd2 Bxc3 9. bxc3 Nxd2 10. Qxd2 c5 11. O-O O-O 12. Rfe1 Nc6 13. Be4 Qd6 14. Qg5
h6 15. Qxc5 Qxc5 16. dxc5 Bd7 17. Rab1 Rab8 18. Red1 Rfd8 19. Kf1 (19. Rxd7 $3
Rxd7 20. Bxc6 $18) 19... f5 20. Rxd7 fxe4 21. Rxd8+ Rxd8 22. Nd4 Nxd4 23. cxd4
Rxd4 24. Rxb7 Rc4 25. Rxa7 Rxc5 26. Ke2 Rxc2+ 27. Ke3 Kh7 28. a4 Kg6 29. h4 Ra2
30. g4 Kf6 31. Ra8 Ke5 32. Ra5+ Kf6 33. Ra7 Ke5 34. Ra5+ Kf6 35. h5 Kf7 36.
Ra7+ Kf6 37. a5 Ke5 38. g5 hxg5 39. Rxg7 Ra3+ 40. Ke2 Kf4 41. h6 Ra2+ 42. Kf1 (
42. Kf1 e3 43. fxe3+ Kf3 44. Rf7+ Kxe3 45. h7 $18) 1/2-1/2